Qiṣṣat al-kitābah al-ʻArabīyah. (Record no. 50871)

MARC details
000 -LEADER
fixed length control field 00663cam a22002411 4500
001 - CONTROL NUMBER
control field ne 68003905
003 - CONTROL NUMBER IDENTIFIER
control field DLC
005 - DATE AND TIME OF LATEST TRANSACTION
control field 20260227111848.0
008 - FIXED-LENGTH DATA ELEMENTS--GENERAL INFORMATION
fixed length control field 900618s1967 ua h 000 0 arar
010 ## - LIBRARY OF CONGRESS CONTROL NUMBER
LC control number ne 68003905
025 ## - OVERSEAS ACQUISITION NUMBER
Overseas acquisition number PL480:UAR-9124
035 ## - SYSTEM CONTROL NUMBER
System control number (OCoLC)21879950
040 ## - CATALOGING SOURCE
Original cataloging agency DLC
Transcribing agency WaU
Modifying agency DLC
042 ## - AUTHENTICATION CODE
Authentication code premarc
050 00 - LIBRARY OF CONGRESS CALL NUMBER
Classification number PJ6126
Item number .J8 1967
100 1# - MAIN ENTRY--PERSONAL NAME
Personal name Jumʻah, Ibrāhīm.
245 10 - TITLE STATEMENT
Title Qiṣṣat al-kitābah al-ʻArabīyah.
Statement of responsibility, etc. Ibrāhīm Jumʻah.
250 ## - EDITION STATEMENT
Edition statement al-Ṭabʻah 2.
260 ## - PUBLICATION, DISTRIBUTION, ETC.
Place of publication, distribution, etc. Miṣr,
Name of publisher, distributor, etc. Dār al-Maʻārif,
Date of publication, distribution, etc. [1967].
300 ## - PHYSICAL DESCRIPTION
Extent 115 p.
Other physical details facsims.
Dimensions 17 cm.
490 0# - SERIES STATEMENT
Series statement Iqrā,
Volume/sequential designation 53
650 #0 - SUBJECT ADDED ENTRY--TOPICAL TERM
Topical term or geographic name entry element Writing, Arabic
General subdivision History.

No items available.

Powered by Koha